000 00877nam a22002177a 4500
005 20231127161319.0
008 231127b ||||| |||| 00| 0 eng d
040 _cAL
041 _akan
082 _223
_a070.1K
_bPERM
100 _aVasanthakumara Perla: ವಸಂತಕುಮಾರ ಪೆರ್ಲ
_9143590
245 _aMadhyama Marga: ಮಾಧ್ಯಮ ಮಾರ್ಗ
260 _aMangalore
_bPrasaranga Mangalore University
_c2022
300 _a178p.
_bPB
_c21x14cm.
365 _2Kannada
_a63-65
_b75.00
_c
_d150.00
_e50%
_f23-11-2023
650 _aMass Media: ಸಮೂಹ ಮಾಧ್ಯಮ
_9143577
650 _aJournalism: ಪತ್ರಿಕೋದ್ಯಮ
_9143578
650 _aShravya Madhyama: ಶ್ರವ್ಯ ಮಾಧ್ಯಮ
_9143579
700 _aPERLA (Vasantakumara): ಪೆರ್ಲ (ವಸಂತಕುಮಾರ)
_9143580
942 _2ddc
_cBK
999 _c229324
_d229324